| 000 | 01146nam a2200337 i 4500 | ||
|---|---|---|---|
| 001 | 54664 | ||
| 003 | ES-MaACL | ||
| 005 | 20250712081853.0 | ||
| 007 | t| | ||
| 008 | 020705s2002 sp ||||0| spa d | ||
| 017 | _aS 218-2000 | ||
| 020 | _a84-7800-818-7 | ||
| 040 |
_aM-BN _bspa _cM-BN |
||
| 080 | _a811(460)".../04" | ||
| 080 | _a811(469)".../04" | ||
| 080 | _a003.71(460)".../04" | ||
| 080 | _a003.71(469)".../04" | ||
| 100 | 1 |
_aPrósper, Blanca María. _994039 |
|
| 245 | 1 | 0 |
_aLenguas y religiones prerromanas del occidente de la Península Ibérica / _cBlanca María Prósper. |
| 250 | _a1ª ed. | ||
| 260 |
_aSalamanca : _bEdiciones Universidad de Salamanca, _c2002. |
||
| 300 |
_a517 p ; _c24 cm. |
||
| 490 | 1 |
_aActa Salmanticensia. Estudios filológicos ; _v295 |
|
| 650 | 1 | 4 |
_aInscripciones- _zEspaña- _yHasta S.V. _913811 |
| 650 | 1 | 4 |
_aInscripciones- _zPortugal- _yHasta S.V. _913815 |
| 651 | 4 |
_aEspaña- _xLenguas- _yHasta S.V. _98383 |
|
| 651 | 4 |
_aPortugal- _xLenguas- _yHasta S.V. _99265 |
|
| 830 | 0 | 0 |
_aActa Salmanticensia _v295 _9181394 |
| 852 |
_aES-MaACL _jL-26770 _bR.132381 |
||
| 999 |
_c54664 _d54664 |
||